000
00202 a2200097 4500
001
20536
100
_a
Morgan J S
245
_a
White Collarr blacks
260
_a
_b
A M A Inc
_c
090
_c
14931
_d
14931
942
_a
NUST-CAE
_c
M
_c
5482
999
_c
255609
_d
255609